<?xml version="1.0" encoding="UTF-8"?>
<record
    xmlns:xsi="http://www.w3.org/2001/XMLSchema-instance"
    xsi:schemaLocation="http://www.loc.gov/MARC21/slim http://www.loc.gov/standards/marcxml/schema/MARC21slim.xsd"
    xmlns="http://www.loc.gov/MARC21/slim">

  <leader>01604cpcaa2200337 a 4500</leader>
  <controlfield tag="001">mm 82037390 </controlfield>
  <controlfield tag="003">DLC</controlfield>
  <controlfield tag="005">20260227111714.0</controlfield>
  <controlfield tag="008">820525||||||||||||                 eng  </controlfield>
  <datafield tag="010" ind1=" " ind2=" ">
    <subfield code="a">mm 82037390 </subfield>
  </datafield>
  <datafield tag="040" ind1=" " ind2=" ">
    <subfield code="a">DLC</subfield>
    <subfield code="c">DLC</subfield>
    <subfield code="e">dacs</subfield>
    <subfield code="d">DLC</subfield>
  </datafield>
  <datafield tag="072" ind1=" " ind2="7">
    <subfield code="a">L</subfield>
    <subfield code="2">lcmd</subfield>
  </datafield>
  <datafield tag="100" ind1="1" ind2=" ">
    <subfield code="a">Realf, Richard,</subfield>
    <subfield code="d">1834-1878.</subfield>
  </datafield>
  <datafield tag="245" ind1="0" ind2="0">
    <subfield code="a">Richard Realf collection,</subfield>
    <subfield code="f">1857-1898.</subfield>
  </datafield>
  <datafield tag="300" ind1=" " ind2=" ">
    <subfield code="a">100</subfield>
    <subfield code="f">items.</subfield>
  </datafield>
  <datafield tag="300" ind1=" " ind2=" ">
    <subfield code="a">1</subfield>
    <subfield code="f">container.</subfield>
  </datafield>
  <datafield tag="300" ind1=" " ind2=" ">
    <subfield code="a">0.2</subfield>
    <subfield code="f">linear feet.</subfield>
  </datafield>
  <datafield tag="506" ind1="0" ind2=" ">
    <subfield code="a">Open to research.</subfield>
  </datafield>
  <datafield tag="520" ind1="8" ind2=" ">
    <subfield code="a">Collection concerns efforts by George S. Cottman and Richard J. Hinton to publish the writings of Richard Realf.  Consists of correspondence between Cottman and others relating to the life and writings of Realf, handwritten transcripts made by Cottman of poems and writings by Realf, a lecture delivered by Cottman about Realf, research notes, and a photograph.  Letter (1895 April 30) from Hinton includes enclosures of a letter (1864) and a fragment of a poem by Realf.</subfield>
  </datafield>
  <datafield tag="533" ind1=" " ind2=" ">
    <subfield code="a">In part, handwritten transcripts.</subfield>
  </datafield>
  <datafield tag="545" ind1="0" ind2=" ">
    <subfield code="a">Poet, lecturer, abolitionist, and soldier.</subfield>
  </datafield>
  <datafield tag="546" ind1=" " ind2=" ">
    <subfield code="a">Collection material in English.</subfield>
  </datafield>
  <datafield tag="600" ind1="1" ind2="0">
    <subfield code="a">Cottman, George S.</subfield>
    <subfield code="q">(George Streibe),</subfield>
    <subfield code="d">1857-1941.</subfield>
  </datafield>
  <datafield tag="600" ind1="1" ind2="0">
    <subfield code="a">Hinton, Richard J.</subfield>
    <subfield code="q">(Richard Josiah),</subfield>
    <subfield code="d">1830-1901</subfield>
    <subfield code="v">Correspondence.</subfield>
  </datafield>
  <datafield tag="656" ind1=" " ind2="7">
    <subfield code="a">Abolitionists.</subfield>
    <subfield code="2">itoamc</subfield>
  </datafield>
  <datafield tag="656" ind1=" " ind2="7">
    <subfield code="a">Lecturers.</subfield>
    <subfield code="2">itoamc</subfield>
  </datafield>
  <datafield tag="656" ind1=" " ind2="7">
    <subfield code="a">Poets.</subfield>
    <subfield code="2">itoamc</subfield>
  </datafield>
  <datafield tag="656" ind1=" " ind2="7">
    <subfield code="a">Soldiers.</subfield>
    <subfield code="2">itoamc</subfield>
  </datafield>
  <datafield tag="999" ind1=" " ind2=" ">
    <subfield code="c">43568</subfield>
    <subfield code="d">43568</subfield>
  </datafield>
</record>
